[Event "Baden-ch U14"]
[Site "Karlsruhe Durlach"]
[Date "2012.01.05"]
[Round "7"]
[White "Niethammer, Johannes"]
[Black "Kienzle, Jonas"]
[Result "1-0"]
[WhiteElo "1165"]
[BlackElo "893"]
[PlyCount "51"]
[EventDate "2012.01.02"]
[EventType "swiss"]
[EventRounds "7"]
[EventCountry "GER"]
[SourceTitle "EXT 2015"]
[Source "ChessBase"]
[SourceDate "2014.11.20"]
[SourceVersion "1"]
[SourceVersionDate "2014.11.20"]
[SourceQuality "1"]

1. e4 e5 2. Nf3 Nc6 3. Nc3 Bc5 4. Bc4 Nf6 5. d3 h6 6. Be3 Bb6 7. 0-0 d6 8. h3 Be6 9. Bb3 Qe7 10. Na4 0-0 11. Nxb6 axb6 12. c3 Bxb3 13. axb3 Rxa1 14. Qxa1 Na5 15. Qa4 Qd7 16. Qxd7 Nxd7 17. Nd2 Ra8 18. Ra1 Nc5 19. Bxc5 bxc5 20. b4 cxb4 21. cxb4 b6 22. bxa5 bxa5 23. Nc4 a4 24. b3 Rb8 25. bxa4 Rb3 26. a5 1-0

[Event "Baden-ch U14"]
[Site "Karlsruhe Durlach"]
[Date "2012.01.04"]
[Round "6"]
[White "Kuehn, Kolja"]
[Black "Niethammer, Johannes"]
[Result "1-0"]
[WhiteElo "1427"]
[BlackElo "1165"]
[PlyCount "55"]
[EventDate "2012.01.02"]
[EventType "swiss"]
[EventRounds "7"]
[EventCountry "GER"]
[SourceTitle "EXT 2015"]
[Source "ChessBase"]
[SourceDate "2014.11.20"]
[SourceVersion "1"]
[SourceVersionDate "2014.11.20"]
[SourceQuality "1"]

1. e4 e5 2. Nf3 Nc6 3. Bc4 Bc5 4. d4 Bxd4 5. c3 Bc5 6. Qd5 Qe7 7. b4 Bb6 8. a4 a6 9. Ng5 Nh6 10. Nf3 Ng4 11. a5 Ba7 12. Bb3 Bxf2+ 13. Ke2 Ba7 14. Ng5 Nh6 15. Rf1 f6 16. h4 d6 17. Na3 Bg4+ 18. Kd3 0-0-0 19. b5 axb5 20. Nxb5 Qd7 21. a6 Kb8 22. Nxa7 Kxa7 23. axb7+ Kb8 24. Be3 fxg5 25. Ra8+ Kxb7 26. Qb5+ Kxa8 27. Ra1+ Na7 28. Rxa7# 1-0

[Event "Baden-ch U14"]
[Site "Karlsruhe Durlach"]
[Date "2012.01.04"]
[Round "5"]
[White "Niethammer, Johannes"]
[Black "Bohny, Henry"]
[Result "1/2-1/2"]
[WhiteElo "1165"]
[BlackElo "1392"]
[PlyCount "45"]
[EventDate "2012.01.02"]
[EventType "swiss"]
[EventRounds "7"]
[EventCountry "GER"]
[SourceTitle "EXT 2015"]
[Source "ChessBase"]
[SourceDate "2014.11.20"]
[SourceVersion "1"]
[SourceVersionDate "2014.11.20"]
[SourceQuality "1"]

1. e4 e5 2. Nf3 Nc6 3. Nc3 Nf6 4. Bc4 Bc5 5. d3 h6 6. 0-0 d6 7. h3 Be6 8. Bb3 0-0 9. Na4 Bb6 10. Be3 d5 11. exd5 Bxd5 12. Bxd5 Nxd5 13. Nxb6 Nxb6 14. Bxb6 axb6 15. Re1 Qd6 16. a3 f5 17. Qd2 Rae8 18. Rad1 Rf6 19. Nh4 Qd4 20. Nf3 Qxb2 21. a4 Qa3 22. Ra1 Qd6 23. c3 1/2-1/2

[Event "Baden-ch U14"]
[Site "Karlsruhe Durlach"]
[Date "2012.01.03"]
[Round "4"]
[White "Juelg, Julian"]
[Black "Niethammer, Johannes"]
[Result "0-1"]
[WhiteElo "1393"]
[BlackElo "1165"]
[PlyCount "94"]
[EventDate "2012.01.02"]
[EventType "swiss"]
[EventRounds "7"]
[EventCountry "GER"]
[SourceTitle "EXT 2015"]
[Source "ChessBase"]
[SourceDate "2014.11.20"]
[SourceVersion "1"]
[SourceVersionDate "2014.11.20"]
[SourceQuality "1"]

1. e4 e5 2. Nf3 Nc6 3. Bc4 Nf6 4. Ng5 d5 5. exd5 Na5 6. Bb5+ Bd7 7. Be2 Nxd5 8. d3 h6 9. Ne4 Nc6 10. Nbc3 Nxc3 11. Nxc3 Be7 12. Ne4 Bf5 13. Ng3 Qd7 14. Bf3 Bg6 15. 0-0 0-0 16. Re1 Rab8 17. Bxc6 Qxc6 18. Rxe5 Bd6 19. Nf5 Bxf5 20. Rxf5 Rbe8 21. Be3 Re6 22. d4 Re4 23. Rc1 Rfe8 24. Qf3 Qd7 25. c4 c6 26. Qh3 g6 27. Rh5 Qxh3 28. Rxh3 Kg7 29. Bxh6+ Kg8 30. g3 Rxd4 31. Be3 Rd3 32. Bg5 Be5 33. Re1 Re6 34. b3 Rd4 35. Rxe5 Rxe5 36. Bf6 Rd1+ 37. Kg2 Rh5 38. Rxh5 gxh5 39. h3 Rd2 40. a3 Rd3 41. g4 hxg4 42. hxg4 Rxb3 43. f4 Rxa3 44. f5 Ra4 45. g5 Rxc4 46. g6 fxg6 47. Be7 gxf5 0-1

[Event "Baden-ch U14"]
[Site "Karlsruhe Durlach"]
[Date "2012.01.03"]
[Round "3"]
[White "Niethammer, Johannes"]
[Black "Bossert, Felix"]
[Result "1-0"]
[WhiteElo "1165"]
[BlackElo "1229"]
[PlyCount "57"]
[EventDate "2012.01.02"]
[EventType "swiss"]
[EventRounds "7"]
[EventCountry "GER"]
[SourceTitle "EXT 2015"]
[Source "ChessBase"]
[SourceDate "2014.11.20"]
[SourceVersion "1"]
[SourceVersionDate "2014.11.20"]
[SourceQuality "1"]

1. e4 c5 2. Nf3 d6 3. d4 cxd4 4. Nxd4 Nf6 5. Nc3 g6 6. Bb5+ Bd7 7. 0-0 Bxb5 8. Ndxb5 a6 9. Nd4 Bg7 10. Bg5 0-0 11. Nf3 Nbd7 12. h3 Qc7 13. Re1 Ne5 14. Nxe5 dxe5 15. a3 Rad8 16. Qe2 Rd4 17. Rad1 Rfd8 18. Rd3 Qb6 19. Rxd4 Rxd4 20. b4 Qc6 21. Bxf6 exf6 22. Nd5 Qd7 23. c3 Rxd5 24. exd5 Qxd5 25. Qd1 Qc4 26. Qc1 f5 27. Rd1 e4 28. Rd8+ Bf8 29. Qh6 1-0

[Event "Baden-ch U14"]
[Site "Karlsruhe Durlach"]
[Date "2012.01.02"]
[Round "1"]
[White "Niethammer, Johannes"]
[Black "Bykov, Ilya"]
[Result "0-1"]
[WhiteElo "1165"]
[BlackElo "1632"]
[PlyCount "182"]
[EventDate "2012.01.02"]
[EventType "swiss"]
[EventRounds "7"]
[EventCountry "GER"]
[SourceTitle "EXT 2015"]
[Source "ChessBase"]
[SourceDate "2014.11.20"]
[SourceVersion "1"]
[SourceVersionDate "2014.11.20"]
[SourceQuality "1"]

1. e4 Nf6 2. Nc3 d6 3. d4 g6 4. Bg5 Bg7 5. Bc4 0-0 6. Nge2 Nbd7 7. 0-0 c6 8. f3 b5 9. Bb3 Ba6 10. a3 Qb6 11. Kh1 Rad8 12. Re1 c5 13. d5 Rfe8 14. Qd2 Ne5 15. h3 Bc8 16. f4 Ned7 17. Qe3 Qb8 18. g4 a6 19. f5 Ne5 20. Ng1 Qc7 21. Nf3 Nfd7 22. Nxe5 Nxe5 23. Rf1 f6 24. Bh6 g5 25. Bxg7 Kxg7 26. Ne2 a5 27. Ng1 Ba6 28. Rfe1 Rc8 29. Nf3 Nxf3 30. Qxf3 c4 31. Ba2 b4 32. axb4 axb4 33. c3 bxc3 34. bxc3 Ra8 35. Bb1 Reb8 36. Bc2 Rb2 37. Qf2 Rbb8 38. Reb1 Rxb1+ 39. Bxb1 Rb8 40. Bc2 Bb7 41. h4 h6 42. hxg5 hxg5 43. Kg2 Rh8 44. Ra7 Ra8 45. Rxa8 Bxa8 46. Qg1 Qa5 47. Qe1 Bb7 48. Kf3 Ba6 49. Bb1 Bb5 50. Qc1 Ba4 51. Qb2 Bd1+ 52. Kg3 Qc5 53. Qf2 Qxf2+ 54. Kxf2 Bxg4 55. Ba2 Kh6 56. Bxc4 Kh5 57. Kg3 Bd1 58. Bd3 g4 59. c4 Bf3 60. Bc2 Be2 61. Bb1 Bxc4 62. Bc2 Be2 63. Bb1 Bf3 64. Bc2 Kh6 65. Kf4 Kg7 66. Bd3 Kf8 67. Ke3 Ke8 68. Be2 Bxe2 69. Kxe2 Kd7 70. Kf2 Kc7 71. Kg3 Kb6 72. Kxg4 Kc5 73. Kf3 Kc4 74. Ke3 Kc3 75. Ke2 Kd4 76. Kf3 Kd3 77. Kf4 Ke2 78. Kg4 Ke3 79. Kh5 Kxe4 80. Kg6 Kxd5 81. Kf7 Ke5 82. Kxe7 d5 83. Kf7 d4 84. Kg6 d3 85. Kg7 d2 86. Kg6 d1Q 87. Kf7 Qh5+ 88. Ke7 Qxf5 89. Kf7 Qh7+ 90. Kf8 Ke6 91. Ke8 Qg8# 0-1